Rozmach akciových trhů v 90. letech 20. století a jejich pád na počátku 21. století
Charakteristika akciových nástrojov. Ich význam a vývoj. Historický pohľad na akciové formy podnikania a akciové spoločnosti. Rozmach akciových trhov. Boom na akciových trhoch a investičné správanie sa domácností. Vytvorenie cenovej bubliny a jej splasnutie.
Saved in:
| Main Author: | |
|---|---|
| Format: | Book Chapter |
| Language: | Czech |
| Subjects: | |
| Tags: |
No Tags, Be the first to tag this record!
|
MARC
| LEADER | 00000naa a2200000 4500 | ||
|---|---|---|---|
| 001 | r046876 | ||
| 005 | 20231003115312.3 | ||
| 041 | 0 | |a cze | |
| 044 | |a CZ | ||
| 245 | 1 | 0 | |a Rozmach akciových trhů v 90. letech 20. století a jejich pád na počátku 21. století |c Petr Musílek |
| 520 | |a Charakteristika akciových nástrojov. Ich význam a vývoj. Historický pohľad na akciové formy podnikania a akciové spoločnosti. Rozmach akciových trhov. Boom na akciových trhoch a investičné správanie sa domácností. Vytvorenie cenovej bubliny a jej splasnutie. | ||
| 610 | 2 | 0 | |a trh burzový |
| 610 | 2 | 0 | |a akcie |
| 610 | 2 | 0 | |a spoločnosti akciové |
| 610 | 2 | 0 | |a podnikanie |
| 610 | 2 | 0 | |a história |
| 610 | 2 | 0 | |a krajiny vyspelé |
| 100 | 1 | |a Musílek, Petr | |